Responses for show #3805 - Friday, March 2, 2001

Contestants

[<< previous game]

Sharon Morgan, an ecologist from El Paso, Texas

Paul Park, a foreign exchange trader from Pittsburgh, Pennsylvania

Stephen Mitchell, a marketing manager from Los Angeles, California (whose 2-day cash winnings total $22,400)

[next game >>]

Jeopardy! Round responses

HISTORY WITH MR. PEABODY & SHERMAN
CLASSIC SITCOMS BY CHARACTER
(Alex: You identify the sitcom for us.)
ORGANIZATIONS
THE BIRDS & THE BEES
LET IT "SNOW"
STUPID ANSWERS
    $100 6
Marco Polo

Stephen
    $100 1
Cheers

Stephen
    $100 16
Nashville

Stephen
    $100 19
Stingers

Paul
    $100 11
Snow White

Stephen
    $100 26
"The First State"

Paul
    $200 7
"Don't fire until you see the whites of their eyes!"

Sharon
    $200 2
Married... with Children

Stephen
    $200 17
AARP (American Association of Retired Persons)

Stephen
    $200 20
Feathers

Stephen
    $200 12
Snow job

Sharon
    $200 27
7-Eleven

Sharon
    $300 8
Lucrezia Borgia

Triple Stumper
    $300 3
The Andy Griffith Show

Paul
    $300 18
Zero Population Growth

Sharon
    $300 23
Canaries

Sharon
    $300 13
Snow leopard

Paul
    $300 28
Silent Movie

Stephen
    $400 9
Nero

Paul
    $400 4
M*A*S*H

Paul
    $400 21
(Stephen: What is the AMA?)

American Cancer Society

StephenPaul
    $400 24
(Sharon: What is Australia?)

Antarctica

PaulSharon
    $400 14
"Snowbird"

Stephen
    $400 29
Oklahoma City

Stephen
    $500 10
Francisco Pizarro

Stephen
    $500 5
F Troop

Sharon
    $600 22
La Leche League International

Paul
    $500 25
Cockatoo

Stephen
    $500 15
Lord Snowdon/Earl of Snowdon

Stephen
    $500 30
(Sharon: What is "The Godfather?")
(Stephen: What is "Salvatore Giuliano?")

"The Sicilian"

StephenSharon
Triple Stumper

Scores at the first commercial break (after clue 15):

Stephen Paul Sharon
$1,900 $1,400 $900

Scores at the end of the Jeopardy! Round:

Stephen Paul Sharon
$2,700 $3,000 $800

Double Jeopardy! Round responses

BOOK LEARNIN'
NHL LOGOS
SUPREME COURT JUSTICES
THE WESTERN U.S.
SCRAMBLED OPERAS
BEASTLY EXPRESSIONS
    $200 14
Dr. Seuss

Paul
    $200 24
New York Islanders

Paul
    $200 3
Sandra Day O'Connor

Stephen
    $200 1
Newspaper

Paul
    $200 8
"William Tell"

Sharon
    $200 19
Horse

Stephen
    $400 15
Anti-Semitism

Stephen
    $400 25
Chicago Blackhawks

Paul
    $400 4
Thurgood Marshall

Stephen
    $400 2
Santa Fe, New Mexico

Stephen
    $400 10
"Rigoletto"

Triple Stumper
    $400 20
(Stephen: What is a hammer?)

Monkey wrench

Stephen
Triple Stumper
    $600 16
(P: What is "Daybreak?")

"Dawn"

Paul
Triple Stumper
    $600 26
Colorado Avalanche (Patrick Roy)

Paul
    $600 5
Chief Justice William Rehnquist

Stephen
    $600 9
Marin County

Stephen
    $600 11
La bohème

Paul
    $600 21
Albatross

Stephen
    $1,000 17
Index

Stephen
    $800 27
Boston Bruins

Stephen
    $800 6
John Jay

Stephen
    $800 28
Deseret

Triple Stumper
    $800 12
"Faust"

Stephen
    $800 22
Lion's share

Stephen
    $1000 18
"Lilies of the Field"

Triple Stumper
    $1000 30
Philadelphia Flyers

Paul
    $2,000 7
Louis Brandeis

Stephen
    $1000 29
Idaho

Stephen
    $1000 13
"Parsifal"

Stephen
    $1000 23
(Stephen: What is to weasel out?)

Ferret out

Stephen
Triple Stumper

Scores at the end of the Double Jeopardy! Round:

Stephen Paul Sharon
$12,900 $5,600 $1,000
(lock game)

[wagering suggestions for these scores]

Final Jeopardy! Round responses

MUSIC & THE MOVIES
SharonWhat is Fantasia?
$900
PaulWhat is Fantasia?
$3,000
StephenWhat is "Fantasia"?
$1,100
Fantasia

Final scores:

Stephen Paul Sharon
$14,000 $8,600 $1,900
3-day champion: $36,400 2nd place: Trip to London courtesy of Priceline.com 3rd place: Zenith 36" Color TV

Game dynamics:

Coryat scores:

Stephen Paul Sharon
$11,700 $5,500 $1,000
29 R
(including 2 DDs),
4 W
16 R
(including 1 DD),
1 W
7 R,
2 W

Combined Coryat: $18,200

The J! Archive is created by fans, for fans. The Jeopardy! game show and all elements thereof, including but not limited to copyright and trademark thereto, are the property of Jeopardy Productions, Inc. and are protected under law. This website is not affiliated with, sponsored by, or operated by Jeopardy Productions, Inc. Join the discussion at JBoard.tv.